Reliez le chef d'État à son Pays - Statistiques

Statistiques générales
  • Ce quiz a été pris 439 fois
  • Le résultat moyen est 17 sur 25
Statistiques - réponses
Hint Extra Hint Réponse % Correct
Emmanuel Macron France
99%
Volodymyr Zelensky Ukraine
99%
Donald Trump États-Unis
96%
Xi Jinping Chine
91%
Vladimir Poutine Russie
91%
Benyamin Netanyahou Israël
89%
Recep Tayyip Erdoğan Turquie
85%
Bassirou Diomaye Faye Sénégal
84%
Yoon Suk-yeol Corée du Sud
80%
Olaf Scholz Allemagne
77%
Shigeru Ishiba Japon
76%
Javier Milei Argentine
70%

Luiz Inácio Lula da Silva Brésil
70%
Mette Frederiksen Danemark
67%
Kaïs Saïed Tunisie
63%
Abdelmadjid Tebboune Algérie
62%
Droupadi Murmu Inde
57%
Sam Mostyn Australie
56%
Pedro Sánchez Espagne
47%
Marcelo Rebelo de Sousa Portugal
46%
Keir Starmer Royaume-Uni
43%
Cyril Ramaphosa Afrique du Sud
42%
Mark Carney Canada
38%
Claudia Sheinbaum Mexique
32%
Gabriel Boric Chili
26%
Aucun quiz correspondant
Distribution des résultats
% des personnes avec chaque résultat
Percentile par nombre de réponses
Votre historique - résultats
Vous n’avez pas pris ce quiz